Tilastot visalle Swazimaa-visa

Klikkaa tästä pelataksesi tätä visaa!

Yleistilastot

  • Tätä visaa on pelattu 156 kertaa
  • Keskiarvotulos 11 / 18

Vastaustilastot

VihjeVastaus% Oikein
NaapurimaatEtelä-Afrikka
98%
Toinen virallinen kieliEnglanti
94%
NaapurimaatMosambik
92%
Swazimaassa on maailman suurin prosenttiosuus tätä virusta kantavia aikuisiaHIV
90%
Valtio, josta Swazimaa itsenäistyi 1968Yhdistynyt kuningaskunta
85%
Swazimaan "virallinen nimi" vuodesta 2018 lähtienEswatini
80%
Hallinnollinen pääkaupunkiMbabane
69%
Yleisin kieliSwati
68%
Toiseksi puhutuin äidinkieliZulu
56%
Mustavalkoinen esine maan lipussaKilpi
54%
Tärkein vientituote ja tärkeä viljelykasviSokeri
52%
Tärkein viljelykasviMaissi
50%
Lainsäädännöllinen pääkaupunkiLobamba
43%
Eswatinin kuningas{Mswati} III
43%
Virallinen valuuttaLilangeni
37%
Maan entinen kuningas, jolla oli historian pisin hallintokausiSobhuza II
33%
Suurimman osan maasta peittävä laaja avoin maasto, alkaa kirjaimella VVeld
31%
Maailman toiseksi suurin monoliitti Ulurun jälkeenSibebe
28%

Tulosjakauma

Persentiili vastausten määrän mukaan

Jokaisen tuloksen saaneiden osuus

Tuloshistoriasi

Et ole pelannut tätä visaa